|
|
|
|
| LEADER |
01406nam a22002777a 4500 |
| 001 |
42982 |
| 003 |
BD-DhAAL |
| 008 |
240904t2002 nyua d 001 0 eng d |
| 020 |
|
|
|a 007828144X
|
| 020 |
|
|
|a 0078281490
|
| 040 |
|
|
|a BD-DhAAL
|c BD-DhAAL
|
| 082 |
|
|
|a 808.0420712
|
| 245 |
|
|
|a Glencoe literature :
|b the reader's choice.
|n Course 4 /
|c program consultants, Beverly Ann Chin ... [et al.].
|
| 264 |
|
|
|a New York, N.Y. :
|b Glencoe/McGraw-Hill,
|c c2002.
|
| 300 |
|
|
|a xxxiii, 997, R158 Pages :
|b color illustrations ;
|c 26 cm.
|
| 500 |
|
|
|a Includes index.
|
| 541 |
|
|
|a Donation from the Asia Foundation/Savar Campus Library
|e 42982, 42983
|
| 650 |
|
|
|a Literature.
|
| 650 |
|
|
|a Literature
|x Study and teaching (Secondary).
|
| 650 |
|
|
|a Literature
|v Collections.
|
| 700 |
|
|
|a Chin, Beverly Ann.
|9 23443
|
| 852 |
|
|
|a Ayesha Abed Library
|
| 942 |
|
|
|2 ddc
|c BK
|
| 999 |
|
|
|c 46937
|d 46937
|
| 952 |
|
|
|0 0
|1 0
|2 ddc
|4 0
|6 808_042071200000000_GLE
|7 0
|9 76121
|a SCL
|b SCL
|c GEN
|d 2024-09-04
|e Donation from the Asia Foundation/Savar Campus Library
|l 0
|o 808.0420712 GLE
|p 3020042982
|r 2024-09-04
|t 1
|w 2024-09-04
|y BK
|x Donation from the Asia Foundation/Savar Campus Library
|
| 952 |
|
|
|0 0
|1 0
|2 ddc
|4 0
|6 808_042071200000000_GLE
|7 0
|9 76122
|a SCL
|b SCL
|c GEN
|d 2024-09-04
|e Donation from the Asia Foundation/Savar Campus Library
|l 0
|o 808.0420712 GLE
|p 3020042983
|r 2024-09-04
|t 2
|w 2024-09-04
|y BK
|x Donation from the Asia Foundation/Savar Campus Library
|